000 00900nam a22001577a 4500
999 _c5212
_d5212
020 _a2008
050 _aHD2741
_b.C67
110 _aICSI
245 _aCorporate governance
_b modues for best practices
_cICSI
250 _a7th ed.
260 _aNew Delhi
_bICSI
_c2008
300 _ai-17,754p.
505 _a1. Introductory framework 2. Board leadership 3. Corporate sustainability, reporting and accounting 4. Economic value added as a measure of wealth 5. Select vision/mission statement and quotes 6. Salient features of corporate governance requirements under the listing agreement 7. Risk management 8. Independent director: role in enhancing good corporate governance 9. Corporate governance reporting-best practices 10. Model codes for best practices 11. corporate social responsibility 12. Role of icsi in promoting good governance
650 _acorporate governance
942 _cBK